夢紅樓

資料類型: Book 圖書   書目號:46503

Leader xxxxxxxxxx
001 __ PCLIS00046503
005 __ 20210329140355.0
010 0_ |a978-957-32-7284-7|b平裝|dNT$300
100 __ |a20131122d2013    m  y0chiy09      e
101 0_ |achi
102 __ |atw
105 __ |aach z   000yy
200 1_ |a夢紅樓|f蔣勳作
205 __ |a二版
210 __ |a臺北市|c遠流|d2013[民102]
215 0_ |a215面|c部分彩圖, 像, 書影|d21公分
225 2_ |a綠蠹魚叢書|vYLK60
300 __ |a原書名: 舞動紅樓夢
312 __ |a原書名: 舞動紅樓夢
410 _0 |12001 |a夢紅樓系列
410 _0 |12001 |a綠蠹魚叢書|vYLK60
517 1_ |a舞動紅樓夢|zchi
605 __ |2cst|a紅樓夢
606 __ |2cst|a研究考訂
681 __ |a857.49|b848
700 _1 |a|b|4801 _0 |atw|b內湖高中|c20131122|gCCR
801 _2 |atw|b內湖高中|c20180417|gCCR
詳細館藏 1-2 筆 (共 2 筆)
索 書 號登 錄 號冊次號館別 / 館藏地流通類型狀態加入預約清單電子資源
857.49 / 848 1021216  圖書館 / 一樓普通區 可外借30天 在館   
857.49 / 848 1025295  圖書館 / 一樓普通區 可外借30天 在館   

| 條列資料




目錄查詢 分類查詢 個人資料 圖書薦購 新書查詢 閉館日 排行榜 更多電子資源 Hami書城 線上資料庫 登出

From : 216.73.217.52

  本日流通累計至 01:05:05 借閱 : 0 次 續借 : 0 次 歸還 : 0 次 預約 : 0 次 電子資源 : 0 次


內湖高中圖書館  PCLIS 版本  26.5.0.12